000 01268nam0a22003371 4500
001 v19\rc\1764922
005 20250619120345.0
035 _a(NLR Aleph) 004896804
090 _a5330476
_c5330476
100 _a20061204d1903 |||y0rusy50 ca
101 1 _arus
_cfre
102 _aRU
105 _ay z |||a|
200 1 _aСын Жибуайе
_eКомедия Эмиля Ожье в 5 д.
_fПер. Б. Корсов
210 _aМосква
_cлит. Моск. театр. б-ки С.Ф. Рассохина
_dценз. 1903
215 _a141 с.
_d22
300 _aЗагл. ориг.: "Le fils de Giboyer"
300 _aПер. также под загл.: "Клерикалы"
309 _aНаписано от руки. Литогр.
451 0 _12001#$aКлерикалы
_tКлерикалы
454 0 _12001#$aLe fils de Giboyer
_tLe fils de Giboyer
700 1 _7ca
_8rus
_aОжье
_bЭ.
_f1820-1889
_gЭмиль
_92642847
_3RU\NLR\AUTH\770273307
702 1 _aКорсов
_bБ.Б.
_f1845-1920
_gБогомир Богомирович
_4730
801 0 _aRU
_bNLR
_gpsbo
801 0 _aRU
_bRuMoRGB
_2psbo
801 1 _aRU
_bProSoft-M
_2rusmarc
852 _aNLR
_j34.52.4.1065
899 _aRuMoRGB
_jJ 45/255
899 _aБАН
942 _cBOOK
980 _aNB